00398nam a22001337a 450000500170000000800410001704100130005808200140007110000240008524500500010926000480015930000320020765000250023920231206084326.0231206b |||||||| |||| 00| 0 eng d aEnglish  a346.5 STE aSteyn, G lEnglish  aThe Law of Wills in South Africa / cG Steyn  aCape Town : bJuta and Company Ltd, c1935  bxxvi, 332 pages ; c26 cm.  aLegal practice bLaw